Loreto College Library, Kolkata
WEBOPAC (ONLINE PUBLIC ACCESS CATALOGUE)

The leap (Record no. 42236)

MARC details
000 -LEADER
fixed length control field 00455nam a22001937a 4500
005 - DATE AND TIME OF LATEST TRANSACTION
control field 20190711114117.0
008 - FIXED-LENGTH DATA ELEMENTS--GENERAL INFORMATION
fixed length control field 190711b xxu||||| |||| 00| 0 eng d
020 ## - ISBN | অাই এস বি এন
ISBN | অাই এস বি এন 9781981052417
PRICE Rs 249
040 ## - CATALOGING SOURCE
Language of cataloging eng
041 ## - LANGUAGE CODE
Language code English
082 ## - DDC | ডিউই
Classification number | বর্গসংখ্যা F
Book Number | গ্রন্থাঙ্ক BAJ
100 ## - MAIN ENTRY--PERSONAL NAME | মুখ্য সংলেখ - ব্যাক্তিনাম
Personal name | ব্যাক্তিনাম Bajoria, Nita
245 ## - TITLE STATEMENT | অাখ্যা বিবরণী
Title | অাখ্যা The leap
Statement of responsibility | লেখকের দায়িত্বের বিবরণ Nita Bajoria
260 ## - IMPRINT | প্রকাশনা ক্ষেত্র
Name of publisher | প্রকাশকের নাম Independently published
300 ## - PHYSICAL DESCRIPTION |
Page / Vol. No | পৃষ্ঠা / খন্ড সংখ্যা 300p
Other physical details | অনান্য বাহ্যিক বিবরণ 20 cm
650 ## - SUBJECT ADDED ENTRY--TOPICAL TERM | বিষয় শিরোনাম - মূল বিষয়
Topical term | মূল বিষয় Fiction in English
850 ## - HOLDING INSTITUTION
Holding institution LCLIB
942 ## - ADDED ENTRY ELEMENTS (KOHA)
Koha item type Books
Holdings
Withdrawn status Lost status Source of classification Damaged status Not for loan Home library Current library Date acquired Price Total Checkouts Full call number Accession No. Date last seen Price effective from Koha item type
    Dewey Decimal Classification     Loreto College Loreto College 11/07/2019 249.00   F BAJ 52735 46260 11/07/2019 11/07/2019 Books